[Event "DLM 2007"]
[Site "Verden/Aller GER"]
[Date "2007.10.03"]
[Round "7"]
[White "Lubbe, Nikolas"]
[Black "Möller, Hendrik"]
[Result "0-1"]
[Termination "normal"]
[Board "1.2"]
[WhiteElo "2263"]
[BlackElo "2175"]
[WhiteTeam "Niedersachsen I"]
[BlackTeam "Hamburg"]
[PlyCount "124"]
[WhiteFideId "4694031"]
[BlackFideId "24604917"]
[EventCountry "GER"]
[EventRounds "7"]
[EventType "team-swiss"]
[EventDate "2007.09.28"]

1. e4 e5 2. Nf3 Nc6 3. Nc3 Nf6 4. a3 Be7 5. d4 d6 6. d5 Nb8 7. h3 c6 8. dxc6
Nxc6 9. Bc4 Be6 10. Bxe6 fxe6 11. O-O O-O 12. Qd3 Nh5 13. g3 Qe8 14. Kg2 Qg6
15. Ne2 d5 16. Nc3 d4 17. Ne2 Rf7 18. Neg1 h6 19. Re1 Bd6 20. Bd2 a6 21. Rad1
Rc8 22. Re2 Nf4+ 23. Bxf4 Rxf4 24. c3 Bb8 25. cxd4 exd4 26. Nxd4 Nxd4 27. Qxd4
Rf7 28. Rd3 Qh5 29. Red2 Be5 30. Qe3 Qg6 31. Rd8+ Rxd8 32. Rxd8+ Kh7 33. Qe2
Rf4 34. Nf3 Rxe4 35. Qc2 Bf6 36. Rb8 Qf5 37. Rxb7 h5 38. Rb6 a5 39. b3 Re5 40.
Qc4 Rd5 41. b4 axb4 42. axb4 Rd3 43. Qc6 Rb3 44. Rb5 Qg6 45. Rb8 Qf5 46. b5 Rb2
47. Qa8 Qc2 48. Rh8+ Kg6 49. Qe8+ Kf5 50. Qxh5+ Ke4 51. Qg4+ Kd5 52. Rh5+ Kd6
53. Qf4+ Ke7 54. Nd4 Qc8 55. Nc6+ Kf7 56. Rc5 Qa8 57. Qf3 Qa2 58. Ne5+ Ke7 59.
Ng4 Qa7 60. Qc6 Bd4 61. Rg5 Bf6 62. Nxf6 Qxf2+ 0-1

[Event "DLM 2007"]
[Site "Verden/Aller GER"]
[Date "2007.10.03"]
[Round "7"]
[White "Chin, Karin"]
[Black "Kaphle, Stephan"]
[Result "0-1"]
[Termination "normal"]
[Board "1.3"]
[WhiteElo "2053"]
[BlackElo "2156"]
[WhiteTeam "Hamburg"]
[BlackTeam "Niedersachsen I"]
[PlyCount "42"]
[WhiteFideId "24608157"]
[BlackFideId "24629103"]
[EventCountry "GER"]
[EventRounds "7"]
[EventType "team-swiss"]
[EventDate "2007.09.28"]

1. e4 c5 2. Nf3 d6 3. d4 cxd4 4. Nxd4 Nf6 5. Nc3 a6 6. Bg5 e6 7. f4 h6 8. Bh4
Be7 9. Qf3 Qc7 10. O-O-O Nbd7 11. Bf2 b5 12. Bd3 Bb7 13. Nb3 Nc5 14. f5 b4 15.
Nxc5 dxc5 16. Na4 c4 17. Bxc4 Qxc4 18. Nb6 Qxa2 19. Nxa8 Nxe4 20. Nc7+ Kf8 21.
Nxe6+ Kg8 0-1

[Event "DLM 2007"]
[Site "Verden/Aller GER"]
[Date "2007.10.03"]
[Round "7"]
[White "Seemann, Semjon"]
[Black "Moshtael, Wesal"]
[Result "1/2-1/2"]
[Termination "normal"]
[Board "1.4"]
[WhiteElo "2010"]
[BlackElo "2113"]
[WhiteTeam "Niedersachsen I"]
[BlackTeam "Hamburg"]
[PlyCount "69"]
[WhiteFideId "24624080"]
[BlackFideId "24618551"]
[EventCountry "GER"]
[EventRounds "7"]
[EventType "team-swiss"]
[EventDate "2007.09.28"]

1. e4 c5 2. Nf3 d6 3. d4 cxd4 4. Nxd4 Nf6 5. Nc3 a6 6. Rg1 Nc6 7. g4 h6 8. h4
Nxd4 9. Qxd4 Nxg4 10. Nd5 Bd7 11. Be2 Nf6 12. Nxf6+ gxf6 13. Bd2 Qc7 14. b4 Rh7
15. O-O-O Ba4 16. Bd3 Rc8 17. Qb2 Bb5 18. Kb1 Rg7 19. f4 Qb6 20. Bxb5+ Qxb5 21.
Rge1 Rg2 22. e5 fxe5 23. fxe5 Bg7 24. Qb3 Bxe5 25. Rxe5 Qxe5 26. Qh3 Rxc2 27.
Kxc2 Qe4+ 28. Kb2 e6 29. Qc3 Qe5 30. Qxe5 dxe5 31. Kb3 Rg3+ 32. Kc4 Rg4+ 33.
Kc5 Rd4 34. Kb6 e4 35. Kxb7 { Partie nicht weiter nachvollziehbar. Sie endete
im 44. Zug remis.} 1/2-1/2

[Event "DLM 2007"]
[Site "Verden/Aller GER"]
[Date "2007.10.03"]
[Round "7"]
[White "Smolkina, Milana"]
[Black "Kaphle, Sebastian"]
[Result "1-0"]
[Termination "normal"]
[Board "1.5"]
[WhiteElo "1885"]
[BlackElo "2041"]
[WhiteTeam "Hamburg"]
[BlackTeam "Niedersachsen I"]
[PlyCount "141"]
[WhiteFideId "24618780"]
[BlackFideId "24626708"]
[EventCountry "GER"]
[EventRounds "7"]
[EventType "team-swiss"]
[EventDate "2007.09.28"]

1. e4 c5 2. Nf3 e6 3. d4 cxd4 4. Nxd4 Nf6 5. Nc3 Nc6 6. Ndb5 Bb4 7. a3 Bxc3+ 8.
Nxc3 d5 9. exd5 exd5 10. Bd3 O-O 11. O-O d4 12. Ne2 Bg4 13. Bg5 Qd6 14. Re1
Rfe8 15. Qd2 Bxe2 16. Bf4 Qc5 17. Rxe2 Rxe2 18. Qxe2 Re8 19. Qd2 Qe7 20. Kf1
Nh5 21. Bg5 f6 22. Bh4 g5 23. Bg3 Nxg3+ 24. hxg3 Kg7 25. Re1 Qd7 26. Rxe8 Qxe8
27. Qe2 Qd7 28. Qe4 Kg8 29. Bc4+ Kg7 30. Qe6 Qxe6 31. Bxe6 Kf8 32. Ke2 Ke7 33.
Bc8 b6 34. Kd3 Kd6 35. Bf5 Ke5 36. Bxh7 f5 37. Bg8 Ne7 38. Bf7 Nd5 39. Kc4 Nc7
40. a4 Ke4 41. Bg6 Ke5 42. f4+ gxf4 43. gxf4+ Kf6 44. Bh5 Ne6 45. g3 Nc5 46.
Kxd4 Nxa4 47. b4 b5 48. Be8 a6 49. c4 Ke7 50. Bc6 Kd6 51. cxb5 Nb6 52. Be8 axb5
53. Bxb5 Nd5 54. Bd3 Nxb4 55. Bxf5 Nc6+ 56. Ke4 Ke7 57. g4 Nd8 58. g5 Nf7 59.
Bg6 Nd6+ 60. Kd5 Nc8 61. f5 Nb6+ 62. Ke4 Nd7 63. Bh5 Nc5+ 64. Kd5 Nd7 65. Bg4
Nb6+ 66. Ke4 Nd7 67. Be2 Kd6 68. Bc4 Ke7 69. Kf4 Kf8 70. f6 Ke8 71. Kf5 1-0

[Event "DLM 2007"]
[Site "Verden/Aller GER"]
[Date "2007.10.03"]
[Round "7"]
[White "Günnigmann, Laura"]
[Black "Müller, Tobias"]
[Result "1-0"]
[Termination "normal"]
[Board "1.6"]
[WhiteElo "1735"]
[BlackElo "1585"]
[WhiteTeam "Niedersachsen I"]
[BlackTeam "Hamburg"]
[PlyCount "53"]
[BlackFideId "24643394"]
[EventCountry "GER"]
[EventRounds "7"]
[EventType "team-swiss"]
[EventDate "2007.09.28"]

1. e4 c5 2. Nf3 d6 3. d4 cxd4 4. Nxd4 Nf6 5. Nc3 g6 6. Be3 Bg7 7. f3 O-O 8. Qd2
Nc6 9. Bc4 Bd7 10. O-O-O Rc8 11. Bb3 Ne5 12. h4 h5 13. g4 hxg4 14. h5 Nxh5 15.
Bh6 Nc4 16. Bxc4 Rxc4 17. Bxg7 Nxg7 18. Qh6 f6 19. Qxg6 Qe8 20. Qh7+ Kf7 21.
fxg4 Bxg4 22. Rdg1 Rxd4 23. Rxg4 Rg8 24. Rhg1 Qf8 25. Ne2 Rc4 26. Nf4 Rc5 27.
Qg6# 1-0

[Event "DLM 2007"]
[Site "Verden/Aller GER"]
[Date "2007.10.03"]
[Round "7"]
[White "Pfeiffer, Daniel"]
[Black "Düssler, Stefanie"]
[Result "1/2-1/2"]
[Termination "normal"]
[Board "1.7"]
[WhiteElo "1726"]
[BlackElo "1493"]
[WhiteTeam "Hamburg"]
[BlackTeam "Niedersachsen I"]
[PlyCount "84"]
[WhiteFideId "24641960"]
[BlackFideId "4634780"]
[EventCountry "GER"]
[EventRounds "7"]
[EventType "team-swiss"]
[EventDate "2007.09.28"]

1. e4 e5 2. Nf3 Nc6 3. Bc4 Bc5 4. O-O Nf6 5. d3 O-O 6. c3 d6 7. Nbd2 Bg4 8. Re1
Qe7 9. h3 Bh5 10. Nf1 Na5 11. Bb3 Nxb3 12. axb3 Bb6 13. Ng3 Bg6 14. Nh2 c5 15.
Bg5 Bd8 16. Rf1 h6 17. Bh4 Qd7 18. Bxf6 Bxf6 19. Ng4 Bg5 20. Ne3 Bxe3 21. fxe3
a6 22. c4 Rad8 23. Ne2 Bh5 24. Qd2 Bxe2 25. Qxe2 Qc7 26. Rf3 Qb6 27. Qd1 Rd7
28. Rg3 Re7 29. Qf3 Re6 30. Qd1 Rf6 31. Qc2 Qb4 32. Qc3 Qxc3 33. bxc3 Rc8 34.
Rf3 Rxf3 35. gxf3 g5 36. Kg2 Kg7 37. Kg3 Kg6 38. Kg4 h5+ 39. Kg3 Rc6 40. Kf2
Rb6 41. Rb1 a5 42. Ke2 f5 1/2-1/2

[Event "DLM 2007"]
[Site "Verden/Aller GER"]
[Date "2007.10.03"]
[Round "7"]
[White "Rethmann, Kristin"]
[Black "Ludwig, Maria"]
[Result "1-0"]
[Termination "normal"]
[Board "1.8"]
[WhiteElo "1363"]
[BlackElo "754"]
[WhiteTeam "Niedersachsen I"]
[BlackTeam "Hamburg"]
[PlyCount "65"]
[WhiteFideId "24655805"]
[BlackFideId "24655791"]
[EventCountry "GER"]
[EventRounds "7"]
[EventType "team-swiss"]
[EventDate "2007.09.28"]

1. e4 e5 2. Nf3 Nc6 3. Bc4 Bc5 4. d3 Nf6 5. Nc3 d6 6. h3 Be6 7. Bg5 h6 8. Bh4
g5 9. Bg3 Qe7 10. Qd2 O-O-O 11. O-O-O d5 12. exd5 Bxd5 13. Nxd5 Nxd5 14. Bb5
Ba3 15. Bxc6 bxc6 16. Bxe5 Bb4 17. c3 Ba3 18. bxa3 Qxa3+ 19. Qb2 Qc5 20. Bd4
Qd6 21. Bxh8 Rxh8 22. c4 Nf4 23. Qxh8+ Kb7 24. Qb2+ Kc8 25. Qb3 h5 26. g3 Qf6
27. gxf4 Qa1+ 28. Kd2 Qf6 29. d4 Qxf4+ 30. Qe3 Qxe3+ 31. fxe3 f6 32. Rb1 Kd7
33. e4 1-0

[Event "DLM 2007"]
[Site "Verden/Aller GER"]
[Date "2007.10.03"]
[Round "7"]
[White "Geske, Julian"]
[Black "Hirneise, Tobias"]
[Result "0-1"]
[Termination "normal"]
[Board "2.1"]
[WhiteElo "2212"]
[BlackElo "2293"]
[WhiteTeam "Hessen"]
[BlackTeam "Württemberg"]
[PlyCount "104"]
[WhiteFideId "24605263"]
[BlackFideId "24600881"]
[EventCountry "GER"]
[EventRounds "7"]
[EventType "team-swiss"]
[EventDate "2007.09.28"]

1. e4 c5 2. Nf3 d6 3. d4 cxd4 4. Nxd4 Nf6 5. Nc3 Nc6 6. Bc4 e6 7. Bb3 Be7 8.
O-O O-O 9. Be3 Bd7 10. f4 Nxd4 11. Bxd4 Bc6 12. Qd3 b5 13. a3 a5 14. e5 dxe5
15. fxe5 Nd7 16. Ne4 Bxe4 17. Qxe4 Nc5 18. Bxc5 Bxc5+ 19. Kh1 Qd4 20. Qc6 a4
21. Ba2 Qxe5 22. Qxb5 Rfb8 23. Qc6 Bd6 24. g3 Ra7 25. Rae1 Qc5 26. Qxc5 Bxc5
27. b4 axb3 28. Bxb3 Rxa3 29. Ra1 Rxa1 30. Rxa1 Rd8 31. Bc4 Rd2 32. Bd3 g6 33.
Re1 Kg7 34. Re2 Rxe2 35. Bxe2 f5 36. g4 Kf6 37. Kg2 e5 38. gxf5 gxf5 39. Bd3 e4
40. Bb5 Ke5 41. c3 f4 42. Be2 Be3 43. Bg4 Bd2 44. Kf2 Bxc3 45. Ke2 Bd4 46. h4
Bc5 47. h5 h6 48. Bh3 f3+ 49. Ke1 e3 50. Bf1 Bb4+ 51. Kd1 Kf4 52. Bb5 Kg3 0-1

[Event "DLM 2007"]
[Site "Verden/Aller GER"]
[Date "2007.10.03"]
[Round "7"]
[White "Strunski, Andreas"]
[Black "Fink, Leander"]
[Result "1/2-1/2"]
[Termination "normal"]
[Board "2.2"]
[WhiteElo "2203"]
[BlackElo "2095"]
[WhiteTeam "Württemberg"]
[BlackTeam "Hessen"]
[PlyCount "72"]
[WhiteFideId "24606073"]
[BlackFideId "24605247"]
[EventCountry "GER"]
[EventRounds "7"]
[EventType "team-swiss"]
[EventDate "2007.09.28"]

1. d4 Nf6 2. c4 g6 3. Nc3 d6 4. e4 Bg7 5. Nge2 a6 6. Ng3 c6 7. a4 O-O 8. Be2 e5
9. d5 cxd5 10. cxd5 Nbd7 11. Qc2 h5 12. h4 Nh7 13. Nf1 Ndf6 14. f3 Bd7 15. Be3
b5 16. axb5 axb5 17. Rxa8 Qxa8 18. b4 Qa3 19. Bd2 Qa1+ 20. Qb1 Qxb1+ 21. Nxb1
Rb8 22. Kd1 Ne8 23. Be3 f5 24. Nfd2 Ra8 25. Nc3 Ra1+ 26. Ndb1 fxe4 27. fxe4
Nhf6 28. Kc1 Ng4 29. Bxg4 hxg4 30. Kb2 Ra8 31. Rf1 Bf6 32. Bg5 Kg7 33. Nd2 Bxg5
34. hxg5 Nc7 35. Rf6 Ne8 36. Rf1 Nc7 1/2-1/2

[Event "DLM 2007"]
[Site "Verden/Aller GER"]
[Date "2007.10.03"]
[Round "7"]
[White "Sergin, Mark"]
[Black "Hirneise, Jens"]
[Result "1/2-1/2"]
[Termination "normal"]
[Board "2.3"]
[WhiteElo "2070"]
[BlackElo "2090"]
[WhiteTeam "Hessen"]
[BlackTeam "Württemberg"]
[PlyCount "35"]
[WhiteFideId "24615307"]
[BlackFideId "24614734"]
[EventCountry "GER"]
[EventRounds "7"]
[EventType "team-swiss"]
[EventDate "2007.09.28"]

1. e4 c5 2. Nf3 Nc6 3. d4 cxd4 4. Nxd4 Nf6 5. Nc3 d6 6. Bg5 e6 7. Qd2 a6 8.
O-O-O Bd7 9. f4 h6 10. Bxf6 Qxf6 11. Nf3 Qd8 12. Kb1 Qc7 13. f5 O-O-O 14. Be2
Be7 15. Rhf1 Ne5 16. Qe3 Kb8 17. fxe6 Bxe6 18. Nxe5 1/2-1/2

[Event "DLM 2007"]
[Site "Verden/Aller GER"]
[Date "2007.10.03"]
[Round "7"]
[White "Zikeli, Saskia"]
[Black "Aslan, Benjamin"]
[Result "0-1"]
[Termination "normal"]
[Board "2.4"]
[WhiteElo "2091"]
[BlackElo "1965"]
[WhiteTeam "Württemberg"]
[BlackTeam "Hessen"]
[PlyCount "106"]
[WhiteFideId "24601543"]
[BlackFideId "24640298"]
[EventCountry "GER"]
[EventRounds "7"]
[EventType "team-swiss"]
[EventDate "2007.09.28"]

1. e4 e6 2. d4 d5 3. Nd2 Nf6 4. e5 Nfd7 5. Bd3 c5 6. c3 Nc6 7. Ndf3 cxd4 8.
cxd4 f6 9. exf6 Nxf6 10. Nh3 Bd6 11. O-O O-O 12. Re1 Qc7 13. Nhg5 e5 14. Bxh7+
Nxh7 15. dxe5 Nxg5 16. Bxg5 Bb4 17. Qxd5+ Qf7 18. e6 Qf5 19. Re5 Nxe5 20. e7+
Nf7 21. exf8=Q+ Bxf8 22. Qxf5 Bxf5 23. Be3 Be7 24. Nd4 Bg6 25. Rc1 Bf6 26. b3
Nd6 27. Rc7 Rc8 28. Rxc8+ Nxc8 29. Kf1 Kf7 30. Ke2 Ke7 31. Kd2 a6 32. f4 Nd6
33. g4 Ne4+ 34. Kc1 Nc3 35. Kd2 Nd5 36. g5 Bxd4 37. Bxd4 Nxf4 38. Bxg7 Ke6 39.
Kc3 Kf5 40. h4 Ng2 41. a4 Nxh4 42. Bf6 Nf3 43. b4 Be8 44. a5 Nxg5 45. Be7 Ne6
46. Bh4 Ke4 47. Be7 Kd5 48. Bf6 Nc7 49. Bg7 Nb5+ 50. Kb3 Ke4 51. Bf8 Bf7+ 52.
Ka4 Kd3 53. Bg7 Kc2 0-1

[Event "DLM 2007"]
[Site "Verden/Aller GER"]
[Date "2007.10.03"]
[Round "7"]
[White "Göbel, Constantin"]
[Black "Braun, Georg"]
[Result "0-1"]
[Termination "normal"]
[Board "2.5"]
[WhiteElo "1846"]
[BlackElo "1887"]
[WhiteTeam "Hessen"]
[BlackTeam "Württemberg"]
[PlyCount "86"]
[WhiteFideId "24647071"]
[BlackFideId "24629383"]
[EventCountry "GER"]
[EventRounds "7"]
[EventType "team-swiss"]
[EventDate "2007.09.28"]

1. e4 c5 2. Nf3 d6 3. d4 cxd4 4. Nxd4 Nf6 5. Nc3 g6 6. Be3 Bg7 7. f3 O-O 8. Qd2
Nc6 9. O-O-O Be6 10. Nxe6 fxe6 11. Bc4 Qc8 12. h4 Ne5 13. Bb3 Nc4 14. Bxc4 Qxc4
15. Bh6 b5 16. Bxg7 Kxg7 17. Qe2 Qxe2 18. Nxe2 e5 19. b3 Rac8 20. Kb2 Kf7 21.
Nc3 a6 22. Rd2 Rc5 23. Ne2 Ke6 24. Re1 Nh5 25. Rh1 Nf4 26. Ng3 Nh5 27. Ne2 Kd7
28. a3 Nf4 29. Ng3 h5 30. Rhd1 Rfc8 31. Kb1 a5 32. Re1 Rc3 33. Nf1 a4 34. g3
Ne6 35. Re3 axb3 36. Rxc3 Rxc3 37. Nh2 Nd4 38. cxb3 Rxb3+ 39. Ka2 Re3 40. Rf2
Kc6 41. Kb2 Kc5 42. Ka2 Kc4 43. Kb2 Kd3 0-1

[Event "DLM 2007"]
[Site "Verden/Aller GER"]
[Date "2007.10.03"]
[Round "7"]
[White "Mijatovic, Andrea"]
[Black "Öz, Eda"]
[Result "1-0"]
[Termination "normal"]
[Board "2.6"]
[WhiteElo "1844"]
[BlackElo "1536"]
[WhiteTeam "Württemberg"]
[BlackTeam "Hessen"]
[PlyCount "113"]
[WhiteFideId "14514524"]
[BlackFideId "24672963"]
[EventCountry "GER"]
[EventRounds "7"]
[EventType "team-swiss"]
[EventDate "2007.09.28"]

1. e4 e5 2. Nf3 Nc6 3. d4 exd4 4. Bc4 Nf6 5. O-O Bc5 6. e5 d5 7. exf6 dxc4 8.
Re1+ Be6 9. fxg7 Rg8 10. Ng5 Qe7 11. Qh5 O-O-O 12. Ne4 Rd5 13. Qxh7 f6 14. Nxc5
Rxc5 15. Bf4 Rxg7 16. Qh8+ Rg8 17. Qh6 Qf7 18. Bg3 Rh5 19. Qf4 Re5 20. Nd2 Bd5
21. Rxe5 fxe5 22. Qxf7 Bxf7 23. Re1 Re8 24. Ne4 Bg6 25. f3 Bxe4 26. Rxe4 Kd7
27. a3 b5 28. Be1 a5 29. Kf2 b4 30. axb4 axb4 31. f4 Rf8 32. Kf3 Kd6 33. g4
exf4 34. Rxf4 Ne5+ 35. Ke4 Rxf4+ 36. Kxf4 c5 37. Bd2 c3 38. bxc3 bxc3 39. Bc1
d3 40. Ke3 Nc4+ 41. Kxd3 Ne5+ 42. Kxc3 Nxg4 43. h4 Nf6 44. Bg5 Nh5 45. Kc4 Ng7
46. Bf4+ Kc6 47. Be5 Nf5 48. h5 Ne3+ 49. Kd3 Nf5 50. Ke4 Nh6 51. Bg7 Nf7 52.
Kf5 Kd7 53. Kf6 Ke8 54. h6 Nxh6 55. Bxh6 Kd7 56. c4 Kd6 57. Bf4+ 1-0

[Event "DLM 2007"]
[Site "Verden/Aller GER"]
[Date "2007.10.03"]
[Round "7"]
[White "Schultheiß, Vera"]
[Black "Marquardt, Patrick"]
[Result "0-1"]
[Termination "normal"]
[Board "2.7"]
[WhiteElo "1380"]
[BlackElo "1768"]
[WhiteTeam "Hessen"]
[BlackTeam "Württemberg"]
[PlyCount "94"]
[BlackFideId "4670086"]
[EventCountry "GER"]
[EventRounds "7"]
[EventType "team-swiss"]
[EventDate "2007.09.28"]

1. e4 c5 2. Nf3 a6 3. d4 cxd4 4. Nxd4 Nf6 5. Nc3 e5 6. Nde2 Bb4 7. Bd2 O-O 8.
g3 Bxc3 9. Nxc3 d5 10. exd5 Nxd5 11. Bg2 Be6 12. O-O Nc6 13. Re1 f6 14. Nxd5
Bxd5 15. Bxd5+ Qxd5 16. c3 Rfd8 17. Be3 Qc4 18. Qe2 Qxe2 19. Rxe2 b5 20. Rc1
Rd7 21. Rd2 Rxd2 22. Bxd2 Rd8 23. Be3 e4 24. c4 Nd4 25. Bxd4 Rxd4 26. cxb5 axb5
27. Rc5 b4 28. Rc2 f5 29. a3 bxa3 30. bxa3 Ra4 31. Ra2 Kf7 32. Kf1 Ke6 33. Ke2
g5 34. Kd2 Ke5 35. Kc3 f4 36. Kb3 Ra8 37. a4 f3 38. Rc2 e3 39. Rc3 e2 40. Re3+
Kd4 41. Kc2 Rxa4 42. Rd3+ Kc5 43. Rc3+ Rc4 44. Rxc4+ Kxc4 45. Kd2 g4 46. Ke1
Kc3 47. h4 gxh3 0-1

[Event "DLM 2007"]
[Site "Verden/Aller GER"]
[Date "2007.10.03"]
[Round "7"]
[White "Schäfer, Daniela"]
[Black "Bluhm, Sonja"]
[Result "1-0"]
[Termination "normal"]
[Board "2.8"]
[WhiteElo "1569"]
[BlackElo "1346"]
[WhiteTeam "Württemberg"]
[BlackTeam "Hessen"]
[PlyCount "69"]
[WhiteFideId "4624769"]
[BlackFideId "24654027"]
[EventCountry "GER"]
[EventRounds "7"]
[EventType "team-swiss"]
[EventDate "2007.09.28"]

1. e4 e5 2. Nf3 Nc6 3. Bb5 a6 4. Ba4 Nf6 5. O-O b5 6. Bb3 Be7 7. Re1 d6 8. c3
O-O 9. h3 h6 10. d4 exd4 11. cxd4 Re8 12. a3 Bf8 13. Nc3 Bb7 14. Bc2 b4 15.
axb4 Nxb4 16. Bb1 a5 17. Nd2 c6 18. Na2 Re7 19. Qb3 c5 20. Nxb4 axb4 21. Rxa8
Bxa8 22. dxc5 dxc5 23. f3 Re6 24. Ba2 Bd6 25. Nf1 Bd5 26. Qa4 Bxa2 27. Qxa2 Ne8
28. Qb3 Qe7 29. Ne3 Qh4 30. Kf1 Qd8 31. Rd1 Qa8 32. Qc4 Qa4 33. b3 Qa2 34. Nf5
Bf8 35. Rd2 1-0

[Event "DLM 2007"]
[Site "Verden/Aller GER"]
[Date "2007.10.03"]
[Round "7"]
[White "Ollenberger, Roland"]
[Black "Hoffmann, Udo"]
[Result "0-1"]
[Termination "normal"]
[Board "3.1"]
[WhiteElo "2129"]
[BlackElo "2218"]
[WhiteTeam "Rheinland-Pfalz"]
[BlackTeam "Nordrhein-Westfalen"]
[PlyCount "71"]
[WhiteFideId "24608440"]
[BlackFideId "24605735"]
[EventCountry "GER"]
[EventRounds "7"]
[EventType "team-swiss"]
[EventDate "2007.09.28"]

1. e4 c5 2. Nf3 Nc6 3. Nc3 Nf6 4. Bb5 Nd4 5. e5 Nxb5 6. Nxb5 Nd5 7. Ng5 f6 8.
Qh5+ g6 9. Qf3 fxg5 10. Qxd5 Qb6 11. Nc3 Bg7 12. O-O Qc6 13. d4 cxd4 14. Qxd4
h6 15. f4 gxf4 16. Bxf4 b6 17. Nd5 Bb7 18. c4 e6 19. Ne3 Bf8 20. Rf2 O-O-O 21.
a3 g5 22. Bg3 h5 23. Rc2 h4 24. Bf2 g4 25. Qxg4 Bc5 26. b4 Rdg8 27. Qh3 Bd4 28.
Rac1 Kb8 29. Rd2 Qe4 30. Re1 Bc3 31. Rxd7 Bxe1 32. Bxe1 Rg3 33. hxg3 Qxe3+ 34.
Kh2 hxg3+ 35. Bxg3 Rxh3+ 36. Kxh3 0-1

[Event "DLM 2007"]
[Site "Verden/Aller GER"]
[Date "2007.10.03"]
[Round "7"]
[White "Rehberg, Raphael"]
[Black "Dann, Matthias"]
[Result "0-1"]
[Termination "normal"]
[Board "3.2"]
[WhiteElo "2237"]
[BlackElo "2109"]
[WhiteTeam "Nordrhein-Westfalen"]
[BlackTeam "Rheinland-Pfalz"]
[PlyCount "80"]
[WhiteFideId "4686799"]
[BlackFideId "24638056"]
[EventCountry "GER"]
[EventRounds "7"]
[EventType "team-swiss"]
[EventDate "2007.09.28"]

1. e4 e6 2. b3 d5 3. Bb2 Nf6 4. e5 Nfd7 5. f4 c5 6. Nf3 Nc6 7. Be2 Be7 8. O-O
O-O 9. c4 d4 10. d3 f6 11. exf6 Nxf6 12. Ng5 e5 13. f5 Ne8 14. Ne6 Bxe6 15.
fxe6 Qd6 16. Rxf8+ Bxf8 17. Bg4 Nf6 18. Bh3 Nd8 19. Qf3 e4 20. dxe4 Nxe6 21.
Qf5 Nf4 22. e5 Nxh3+ 23. gxh3 Qd7 24. Qf3 Ne8 25. Nd2 Nc7 26. Rf1 Ne6 27. Ne4
Rd8 28. Bc1 d3 29. Kh1 a6 30. Rd1 b5 31. Nf2 bxc4 32. bxc4 Qd4 33. Rxd3 Qxc4
34. Qe3 Rxd3 35. Nxd3 Qxa2 36. Qe4 Qb3 37. Be3 a5 38. Qc6 Qxd3 39. Qxe6+ Kh8
40. Bf2 Qf1+ 0-1

[Event "DLM 2007"]
[Site "Verden/Aller GER"]
[Date "2007.10.03"]
[Round "7"]
[White "Gölz, Daniel"]
[Black "Tkachuk, Konstantyn"]
[Result "1/2-1/2"]
[Termination "normal"]
[Board "3.3"]
[WhiteElo "1974"]
[BlackElo "2141"]
[WhiteTeam "Rheinland-Pfalz"]
[BlackTeam "Nordrhein-Westfalen"]
[PlyCount "81"]
[WhiteFideId "24626325"]
[BlackFideId "24647330"]
[EventCountry "GER"]
[EventRounds "7"]
[EventType "team-swiss"]
[EventDate "2007.09.28"]

1. e4 e5 2. Nf3 Nc6 3. Bc4 Nf6 4. Nc3 Bc5 5. d3 d6 6. h3 Be6 7. Bb3 h6 8. Be3
Bb6 9. Nd5 Bxd5 10. Bxd5 Nxd5 11. exd5 Ne7 12. c4 Nf5 13. Bxb6 axb6 14. O-O O-O
15. Re1 Nh4 16. d4 Nxf3+ 17. Qxf3 exd4 18. Re4 Re8 19. Rxd4 Re5 20. Rd3 Qh4 21.
b3 Qe7 22. Re3 Rxe3 23. Qxe3 Qf6 24. Rf1 Rxa2 25. Qe8+ Kh7 26. Qd7 Rb2 27. Qxc7
Rxb3 28. Qxb7 Rb4 29. Qc7 g6 30. g3 Kg7 31. Kg2 h5 32. h4 Qe5 33. Rc1 Rb2 34.
Qc6 Qd4 35. Rf1 Qc5 36. Qxc5 bxc5 37. Re1 Rc2 38. Re4 Kf6 39. Kf3 Kf5 40. Rf4+
Ke5 41. Re4+ 1/2-1/2

[Event "DLM 2007"]
[Site "Verden/Aller GER"]
[Date "2007.10.03"]
[Round "7"]
[White "Kotainy, Jens"]
[Black "Endress, Anna"]
[Result "1-0"]
[Termination "normal"]
[Board "3.4"]
[WhiteElo "2032"]
[BlackElo "1967"]
[WhiteTeam "Nordrhein-Westfalen"]
[BlackTeam "Rheinland-Pfalz"]
[PlyCount "120"]
[WhiteFideId "24670499"]
[BlackFideId "24629472"]
[EventCountry "GER"]
[EventRounds "7"]
[EventType "team-swiss"]
[EventDate "2007.09.28"]

1. e4 c5 2. c3 Nf6 3. e5 Nd5 4. d4 cxd4 5. Nf3 e6 6. cxd4 d6 7. exd6 Bxd6 8.
Nc3 O-O 9. Bd3 Nc6 10. O-O Nf4 11. Bxf4 Bxf4 12. Bc2 Bd7 13. Qe2 Re8 14. Qe4
Qf6 15. Qxh7+ Kf8 16. d5 Nb4 17. dxe6 Bxe6 18. Ba4 Red8 19. Qe4 Nd3 20. Rfd1
Bf5 21. Qe2 Qb6 22. g3 Bh6 23. Bb5 Nxf2 24. Na4 Nh3+ 25. Kg2 Qg6 26. Qe5 Be6
27. Kf1 Rac8 28. Nd4 Rd5 29. Nxe6+ fxe6 30. Rxd5 exd5 31. Re1 Ng5 32. Nc3 Qh5
33. Qf5+ Qf7 34. Qxf7+ Kxf7 35. Nxd5 Rc5 36. Nc3 Ne6 37. Bd3 Bd2 38. Re2 Bxc3
39. bxc3 Rxc3 40. Be4 Rc1+ 41. Kg2 Nc5 42. Bd5+ Kg6 43. Kh3 a6 44. g4 Rc3+ 45.
Kh4 Rd3 46. Bg2 Kf6 47. Rf2+ Ke7 48. Re2+ Ne6 49. Bxb7 g5+ 50. Kh5 Kf6 51.
Rxe6+ Kxe6 52. Kxg5 Ra3 53. h4 Rxa2 54. h5 Rh2 55. Bxa6 Kf7 56. Kh6 Kg8 57. g5
Rc2 58. Bb7 Rc5 59. g6 Rc7 60. Bd5+ Kf8 1-0

[Event "DLM 2007"]
[Site "Verden/Aller GER"]
[Date "2007.10.03"]
[Round "7"]
[White "Grünter, Martin"]
[Black "Blübaum, Johanna"]
[Result "1/2-1/2"]
[Termination "normal"]
[Board "3.5"]
[WhiteElo "1952"]
[BlackElo "1946"]
[WhiteTeam "Rheinland-Pfalz"]
[BlackTeam "Nordrhein-Westfalen"]
[PlyCount "83"]
[WhiteFideId "24640352"]
[BlackFideId "24647373"]
[EventCountry "GER"]
[EventRounds "7"]
[EventType "team-swiss"]
[EventDate "2007.09.28"]

1. e4 e6 2. d4 d5 3. Nc3 Nf6 4. Bg5 dxe4 5. Nxe4 Be7 6. Bxf6 Bxf6 7. Nf3 Nd7 8.
c3 O-O 9. Bd3 b6 10. O-O Bb7 11. Qe2 Be7 12. Rad1 Nf6 13. Nxf6+ Bxf6 14. Be4
Bxe4 15. Qxe4 Qd5 16. Qxd5 exd5 17. Rfe1 Rfe8 18. Kf1 Kf8 19. Rd3 Re4 20. Rde3
Rxe3 21. Rxe3 Re8 22. Ke2 Rxe3+ 23. Kxe3 Ke7 24. g4 Ke6 25. Ng1 c6 26. Ne2 Kd6
27. Ng3 g6 28. f4 Be7 29. Ne2 Ke6 30. Ng1 f6 31. Nf3 c5 32. Nh4 cxd4+ 33. cxd4
f5 34. g5 a6 35. Nf3 Bb4 36. Ne5 Bf8 37. Kd3 Bb4 38. Nc6 Bd6 39. Ne5 Bb4 40.
Ke3 Bd6 41. a3 Bf8 42. Kd3 1/2-1/2

[Event "DLM 2007"]
[Site "Verden/Aller GER"]
[Date "2007.10.03"]
[Round "7"]
[White "Neumair, Jerome"]
[Black "Babayev, Ramil"]
[Result "0-1"]
[Termination "normal"]
[Board "3.6"]
[WhiteElo "1909"]
[BlackElo "1875"]
[WhiteTeam "Nordrhein-Westfalen"]
[BlackTeam "Rheinland-Pfalz"]
[PlyCount "70"]
[WhiteFideId "24672637"]
[BlackFideId "24664243"]
[EventCountry "GER"]
[EventRounds "7"]
[EventType "team-swiss"]
[EventDate "2007.09.28"]

1. Nf3 c5 2. c4 Nc6 3. g3 e5 4. Nc3 g6 5. Bg2 Bg7 6. d3 h6 7. O-O Nge7 8. Ne1
O-O 9. Nc2 d6 10. Rb1 a5 11. a3 Rb8 12. Bd2 Be6 13. e4 b6 14. b4 axb4 15. axb4
Nd4 16. Nxd4 cxd4 17. Nb5 Nc8 18. Qc1 Kh7 19. f4 Bd7 20. Na3 Ne7 21. Nc2 f5 22.
b5 fxe4 23. Bxe4 Bf5 24. Bxf5 gxf5 25. fxe5 dxe5 26. Qe1 Rb7 27. g4 Bf6 28.
gxf5 Nc8 29. Bb4 Rg8+ 30. Kh1 Rbg7 31. Qe4 Rg4 32. Qd5 Qxd5+ 33. cxd5 e4 34.
dxe4 Rg2 35. Rbc1 Be5 0-1